| 000 | 00857nam a22002297a 4500 | ||
|---|---|---|---|
| 005 | 20241108151155.0 | ||
| 010 | _aENG-142604 | ||
| 020 |
_a9788193475850 _c225.00 |
||
| 035 | _aEN-12616 | ||
| 037 | _bDBAD | ||
| 082 |
_a954.53 _21 |
||
| 245 |
_aBibliography and Abstracts of Papers in Flora of Bihar and Jharkhand/ _cCompiled by W. Arisdason...[et.al] |
||
| 250 | _a1 | ||
| 260 |
_aHowrah, Kolkata _bBotanical Survey of India |
||
| 270 |
_aMinistry of Environment ,Forest & Climate Change, Govt. of India,3rd MSO Building, CGO Complex _bHowrah,Kolkata _e711103 |
||
| 300 |
_a186p. _c24cm.(pb) _bill. |
||
| 700 |
_aArisdason, W. _eCompiled _973810 |
||
| 700 |
_aGantait, S. _eCompiled _973811 |
||
| 700 |
_aV. Sampath Kumar _eCompiled _973821 |
||
| 700 |
_aBandyopadhyay, Subir _eCompiled _973812 |
||
| 942 |
_2ddc _cEN _mBIB _h954.53 |
||
| 999 |
_c206940 _d206940 |
||